Chemistry : (Record no. 53396)
[ view plain ]
| 000 -LEADER | |
|---|---|
| fixed length control field | 00603nam a2200217Ia 4500 |
| 005 - DATE AND TIME OF LATEST TRANSACTION | |
| control field | 20260429112313.0 |
| 008 - FIXED-LENGTH DATA ELEMENTS--GENERAL INFORMATION | |
| fixed length control field | 260429s9999||||xx |||||||||||||| ||und|| |
| 020 ## - INTERNATIONAL STANDARD BOOK NUMBER | |
| International Standard Book Number | 9781260575231 |
| 041 ## - LANGUAGE CODE | |
| Language | English |
| 082 ## - DEWEY DECIMAL CLASSIFICATION NUMBER | |
| Classification number | 540 |
| Item number | SIL |
| 100 ## - MAIN ENTRY--PERSONAL NAME | |
| Personal name | Silberberg |
| 245 #0 - TITLE STATEMENT | |
| Title | Chemistry : |
| Remainder of title | the molecular nature of matter and change / |
| Statement of responsibility, etc | Silberberg |
| 250 ## - EDITION STATEMENT | |
| Edition statement | 9th ed. |
| 260 ## - PUBLICATION, DISTRIBUTION, ETC. (IMPRINT) | |
| Place of publication, distribution, etc | New York : |
| Name of publisher, distributor, etc | McGraw-Hill Education, |
| Date of publication, distribution, etc | 2021. |
| 300 ## - PHYSICAL DESCRIPTION | |
| Extent | xxix, I-29 p.; pbk |
| 650 ## - SUBJECT ADDED ENTRY--TOPICAL TERM | |
| Topical term or geographic name as entry element | Chemical reactions |
| 650 ## - SUBJECT ADDED ENTRY--TOPICAL TERM | |
| Topical term or geographic name as entry element | Molecular structure |
| 650 ## - SUBJECT ADDED ENTRY--TOPICAL TERM | |
| Topical term or geographic name as entry element | Chemistry |
| 700 ## - ADDED ENTRY--PERSONAL NAME | |
| Personal name | Amateis, Patricia |
| 942 ## - ADDED ENTRY ELEMENTS (KOHA) | |
| Koha item type | Text Books |
| Withdrawn status | Lost status | Damaged status | Not for loan | Collection code | Home library | Location | Shelving location | Date of Cataloging | Source of acquisition | Total Checkouts | Full call number | Barcode | Date last seen | Price effective from | Koha item type |
|---|---|---|---|---|---|---|---|---|---|---|---|---|---|---|---|
| Non-fiction | CUTN Central Library | CUTN Central Library | Sciences | 29/04/2026 | Baroda Book Corporation, Gujarat - Invoice No. IN13564 on 09-02-2026 | 540 SIL | 57998 | 29/04/2026 | 29/04/2026 | Text Books | |||||
| Non-fiction | CUTN Central Library | CUTN Central Library | Sciences | 29/04/2026 | Sri Mariyamman Stores, Virudhunagar - Invoice No. SMS-CCR/2025-26/349 on 11-02-2026 | 540 SIL | 58184 | 29/04/2026 | 29/04/2026 | Text Books | |||||
| Non-fiction | CUTN Central Library | CUTN Central Library | Sciences | 29/04/2026 | Sri Mariyamman Stores, Virudhunagar - Invoice No. SMS-CCR/2025-26/349 on 11-02-2026 | 540 SIL | 58185 | 29/04/2026 | 29/04/2026 | Text Books |
